Video Games By pictures Part One - Statistics

General Stats
  • This quiz has been taken 23 times
  • The average score is 13 of 78
Answer Stats
Picture Answer % Correct
Sonic The Hedgehog
94%
Super Mario Odyssey
65%
Jetpunk
53%
Donkey Kong
47%
Roblox
47%
The Legend Of Zelda
47%
Rayman
41%
Gex
35%
Club Penguin
29%
Donkey Kong Country
29%
Earthworm Jim
29%
God Of War Ragnarok
29%
Sonic adventure/adventure DX
29%
Sporcle
29%
Super Mario Galaxy
29%
The Legend Of Zelda Ocarina Of Time
29%
Astro Bot
24%
Castle Crashers
24%
Kid icarus
24%
Parappa The Rapper
24%
Rayman 2 The great escape
24%
Sonic adventure 2/Adventure 2 Battle
24%
Sonic Heroes
24%
Super Mario Sunshine
24%
Teenege Mutant Ninja Turtles Shredder's Revenge
24%
Yoshi's Cookie
24%
Disney Pixar's Toy Story 3
18%
Lemmings
18%
Mega Man X
18%
Pac Man World
18%
Pokémon Red And blue
18%
Shadow The Hedgehog
18%
Sonic R
18%
WarioWare Mega Microgames
18%
Ape Escape
12%
Buck Bumble
12%
Jak And Daxter The Precursor Legacy
12%
Kahoot
12%
Kirby Air Ride
12%
Kirby's Adventure
12%
Kirby's Epic Yarn
12%
Klonoa 2 Lunatea's Veil
12%
Mario Teaches Typing
12%
Mother 3
12%
Papa's Pizzeria/To Go/HD
12%
Sly Cooper And The Thievius Racoonus
12%
Sonic advance 3
12%
The Legend Of Zelda Ocarina Of Time 3D
12%
Ty The Tasmanian Tiger
12%
Astro's Playroom
6%
Bugs bunny Lost In Time
6%
hey you pikachu
6%
Kirby Planet Robobot
6%
Lego Racers
6%
Sonic racing crossworlds
6%
Zombie Tsunami
6%
Alex Kidd In Miracle World DX
0%
Angry Birds Go
0%
Banana Kong
0%
Cat Goes Fishing
0%
Croc Legend Of The Gobos
0%
Diamond Rush
0%
Fancy pants Adventure World 1
0%
Kirby's Extra Epic Yarn
0%
Mickey Mania: The Timeless Adventures of Mickey Mouse
0%
No time to relax
0%
Pkmn Quiz
0%
Plok
0%
Pokémon Duel
0%
Scott Pilgram Vs The World The Game
0%
Shadow The Hedgehog Flash
0%
Sonic At The Olympic Winter Games
0%
Sonic Speed Simulator
0%
Sonic X
0%
Spongebob squarepants Supersponge
0%
Subway Surfers City
0%
Talking Tom Gold Run
0%
Where's My Water 2
0%
No matching quizzes found
Score Distribution
Percent of People with Each Score
Percentile by Number Answered
Your Score History
You have not taken this quiz